Statistics for Monarchs of the UK Name and Number From 1066

Click here to take the quiz!

General Stats

  • This quiz has been taken 132 times
  • The average score is 32 of 41

Answer Stats

Hint Answer % Correct
1066-1087William the Conqueror
99%
1952-Elizabeth II
88%
1558-1603Elizabeth I
87%
1837-1901Victoria
87%
1087-1100William II Rufus
87%
1509-1547Henry VIII
87%
1485-1509Henry VII
85%
1936-1952George VI
85%
1910-1936George V
83%
1100-1135Henry I
82%
1936Edward VIII
82%
1901-1910Edward VII
82%
1603-1625James I
80%
1553-1558Mary I
80%
1547-1553Edward VI
79%
1154-1189Henry II
79%
1199-1216John
79%
1413-1422Henry V
78%
1216-1272Henry III
78%
1820-1830George IV
78%
1760-1820George III
78%
1727-1760George II
78%
1660-1685Charles II
77%
1422-1461Henry VI
77%
1625-1649Charles I
77%
1189-1199Richard the Lionheart
76%
1714-1727George I
76%
1399-1413Henry IV
76%
1685-1688James II
74%
1483Edward V
74%
1461-1483Edward IV
73%
1702-1714Anne
73%
1483-1485Richard III
73%
1327-1377Edward III
72%
1307-1327Edward II
72%
1272-1307Edward I
72%
1377-1399Richard II
71%
1689-1702William III
68%
1135-1154Stephen
67%
1830-1837William IV
67%
1689-1694Mary II
66%

Score Distribution

Percentile by Number Answered

Percent of People with Each Score

Your Score History

You have not taken this quiz